Equipos campeones de la Copa CONMEBOL - Estadísticas

Estadísticas generales
  • Esta prueba ha sido intentada 4 veces
  • La puntuación promedio es 5 de 8
Estadísticas de respuestas
Año Campeón % Correcto
1992 Atlético Mineiro
100%
1997 Atlético Mineiro
100%
1996 Lanús
50%
1995 Rosario Central
50%
1998 Santos
50%
1999 Talleres
50%
1993 Botafogo
25%
1994 São Paulo
25%
No se encontraron pruebas coincidentes
Distribución de puntuación
Porcentaje de gente con cada puntuación
Porcentaje por número respondido
Historial de tus puntuaciones
No has intentado esta prueba.